Tilastot visalle Yksirajaisten valtioiden muodot

Klikkaa tästä pelataksesi tätä visaa!

Yleistilastot

  • Tätä visaa on pelattu 489 kertaa
  • Keskiarvotulos 11 / 17

Vastaustilastot

Vastaus% Oikein
Kanada
98%
Yhdistynyt kuningaskunta
94%
Portugali
83%
Tanska
82%
Irlanti
78%
Papua-Uusi-Guinea
74%
Monaco
71%
Gambia
70%
Vatikaanivaltio
70%
Etelä-Korea
61%
Haiti
60%
Lesotho
48%
San Marino
48%
Itä-Timor
46%
Dominikaaninen tasavalta
45%
Qatar
44%
Brunei
39%

Tulosjakauma

Persentiili vastausten määrän mukaan

Jokaisen tuloksen saaneiden osuus

Tuloshistoriasi

Et ole pelannut tätä visaa